[Event "StM 2004"]
[Site "Hartberg"]
[Date "2004.??.??"]
[Round "1.1"]
[White "Mira, Helene"]
[Black "Nagy, Laura"]
[Result "1-0"]
[WhiteElo "2144"]
[BlackElo "1716"]
[PlyCount "63"]
[EventDate "2004.??.??"]

1. Nf3 Nf6 2. c4 e6 3. Nc3 b6 4. g3 Bb7 5. Bg2 Be7 6. O-O O-O 7. Re1 d5 8. cxd5
exd5 9. d4 Ne4 10. Ne5 Nxc3 11. bxc3 f6 12. Nd3 Nc6 13. Nf4 Qd7 14. Bxd5+ Kh8
15. e4 Na5 16. Qh5 Qe8 17. Qh3 Bc8 18. Be6 Bd6 19. Bxc8 Rxc8 20. Ne6 Qd7 21. f4
Rfe8 22. f5 Nc4 23. g4 g5 24. Qh6 Qf7 25. e5 fxe5 26. Bxg5 Be7 27. dxe5 Bxg5
28. Nxg5 Qe7 29. f6 Qc5+ 30. Kg2 Qd5+ 31. Re4 Rg8 32. Qxh7# 1-0

[Event "StM 2004"]
[Site "Hartberg"]
[Date "2004.??.??"]
[Round "1.2"]
[White "Galambfalvy, Monika"]
[Black "Horvath, Maria"]
[Result "1-0"]
[WhiteElo "1704"]
[BlackElo "2080"]
[PlyCount "69"]
[EventDate "2004.??.??"]

1. e4 e6 2. d4 d5 3. Nd2 Nf6 4. e5 Nfd7 5. f4 c5 6. c3 b6 7. Ndf3 Ba6 8. Bxa6
Nxa6 9. Ne2 Be7 10. O-O b5 11. Be3 Nb6 12. b3 c4 13. Ng3 b4 14. f5 bxc3 15. Nh5
g6 16. fxe6 fxe6 17. Nf6+ Bxf6 18. exf6 O-O 19. Bg5 Rxf6 20. Bxf6 Qxf6 21. Ne5
Qg5 22. Qf3 c2 23. bxc4 dxc4 24. Nxc4 Nd5 25. Qf7+ Kh8 26. Qxe6 Nab4 27. Qe5+
Qxe5 28. dxe5 Nd3 29. Na3 Ne3 30. Rf3 Nc1 31. Rxe3 Nxa2 32. e6 Kg8 33. Nc4 Re8
34. e7 Kf7 35. Nd6+ 1-0

[Event "StM 2004"]
[Site "Hartberg"]
[Date "2004.??.??"]
[Round "1.3"]
[White "Unger, Eva"]
[Black "Klinger, Michaela"]
[Result "1/2-1/2"]
[WhiteElo "2061"]
[BlackElo "1698"]
[PlyCount "144"]
[EventDate "2004.??.??"]

1. d4 Nf6 2. c4 e5 3. d5 Bb4+ 4. Bd2 Bxd2+ 5. Nxd2 d6 6. e4 Nbd7 7. Qc2 O-O 8.
Ngf3 c5 9. g3 a6 10. Bg2 b5 11. O-O Nb6 12. b3 Bd7 13. Nh4 Qc7 14. Nf5 Rfe8 15.
Ne3 Rab8 16. Qd1 bxc4 17. Ndxc4 Nxc4 18. Nxc4 Bb5 19. Rc1 Rb7 20. Re1 Bxc4 21.
Rxc4 Reb8 22. f4 Nd7 23. Bf1 a5 24. Qg4 Rb4 25. Rc2 Qa7 26. Bc4 a4 27. Kg2 axb3
28. axb3 Re8 29. Qe2 Ra8 30. Rf1 f6 31. h4 Nb6 32. fxe5 fxe5 33. Qf3 Nxc4 34.
bxc4 Ra4 35. Qf5 Qe7 36. Rd1 Re8 37. Rb1 Ra6 38. Rcb2 g6 39. Qg4 Ra7 40. Rb6
Kg7 41. R6b2 h5 42. Qg5 Qxg5 43. hxg5 Rf7 44. Rb6 Rd8 45. R1b2 Rdd7 46. Rc6 Rf8
47. Rcb6 Rff7 48. Rb8 Rf8 49. R2b7 Rxb7 50. Rxb7+ Rf7 51. Rb8 Ra7 52. Rb6 Rd7
53. Rb8 Ra7 54. Rd8 Ra6 55. Rd7+ Kf8 56. Rb7 Ra4 57. Rd7 Rxc4 58. Rxd6 Rxe4 59.
Rxg6 Rd4 60. d6 c4 61. Rf6+ Kg7 62. Re6 c3 63. Rxe5 Rxd6 64. Rc5 Kg6 65. Rxc3
Rd5 66. Kh3 Kxg5 67. Rc8 Rd4 68. Rc5+ Kg6 69. Re5 Rg4 70. Re8 Rd4 71. Rg8+ Kf5
72. Rh8 Kg5 1/2-1/2

[Event "StM 2004"]
[Site "Hartberg"]
[Date "2004.??.??"]
[Round "1.4"]
[White "Kopinits, Silvia"]
[Black "Schwaninger, Ulrike"]
[Result "0-1"]
[WhiteElo "1566"]
[BlackElo "2008"]
[PlyCount "160"]
[EventDate "2004.??.??"]

1. d4 g6 2. Bf4 Bg7 3. c3 Nf6 4. Nf3 d6 5. h3 Nbd7 6. e3 c5 7. a4 b6 8. Be2 Bb7
9. Nbd2 Rc8 10. O-O O-O 11. Bh2 cxd4 12. exd4 Re8 13. Bb5 a6 14. Bxd7 Nxd7 15.
Re1 e5 16. dxe5 dxe5 17. Ne4 Bxe4 18. Rxe4 f5 19. Qd5+ Kh8 20. Rc4 Rxc4 21.
Qxc4 Qc8 22. Qxc8 Rxc8 23. Rd1 Nc5 24. Nxe5 Nxa4 25. Rd2 b5 26. g4 fxg4 27.
hxg4 Re8 28. f4 Bxe5 29. fxe5 Nc5 30. Rd5 Na4 31. Rd2 Kg8 32. Kf2 Re6 33. Ke1
Kf7 34. Kd1 Nc5 35. Kc2 Rc6 36. b4 Ne4 37. Rd3 Ke6 38. Re3 Rc4 39. Rh3 Nf2 40.
Rxh7 Nxg4 41. Bg3 Nxe5 42. Ra7 Rc6 43. Ra8 Nc4 44. Kd3 Kf5 45. Kd4 Kg4 46. Bh2
g5 47. Rg8 Kh3 48. Rh8+ Kg2 49. Kd5 Rg6 50. Ke4 g4 51. Kf5 Rg7 52. Bb8 Kf3 53.
Kf6 Rb7 54. Kg5 g3 55. Rf8+ Kg2 56. Kg4 Ne3+ 57. Kh4 Rh7+ 58. Kg5 Rg7+ 59. Kh6
Rg4 60. Rf6 Rg8 61. Rb6 Kf3 62. Rf6+ Ke4 63. Rf4+ Kd3 64. Rf3 Rxb8 65. Rxg3
Rb6+ 66. Kg5 Ke4 67. Rg1 Rb8 68. Ra1 Rg8+ 69. Kh6 Nf5+ 70. Kh7 Rg7+ 71. Kh8 Rg6
72. Kh7 Rc6 73. Ra3 Kd5 74. Ra1 Ke6 75. Kg6 Ne7+ 76. Kg5 Kd5 77. Re1 Kd6 78.
Kf6 Nd5+ 79. Kf7 Nxc3 80. Re6+ Kd5 0-1

[Event "StM 2004"]
[Site "Hartberg"]
[Date "2004.??.??"]
[Round "1.5"]
[White "Klinkan, Elisabeth"]
[Black "Almert, Margit"]
[Result "1-0"]
[WhiteElo "2004"]
[BlackElo "1548"]
[PlyCount "115"]
[EventDate "2004.??.??"]

1. Nf3 Nc6 2. d4 d5 3. Nbd2 Bf5 4. c3 Nf6 5. Ne5 Nxe5 6. dxe5 Ne4 7. Qb3 b6 8.
Nf3 c5 9. Bf4 e6 10. Rd1 Be7 11. Qb5+ Kf8 12. c4 Qe8 13. Qxe8+ Kxe8 14. e3 Rd8
15. cxd5 Rxd5 16. Bb5+ Kf8 17. O-O f6 18. Bc6 Rxd1 19. Rxd1 Kf7 20. exf6 Nxf6
21. Ne5+ Kf8 22. Nd7+ Nxd7 23. Bxd7 Kf7 24. f3 h6 25. e4 Bh7 26. Bc7 Bf6 27. e5
Bg5 28. Bc6 Be3+ 29. Kh1 Bd4 30. Bb7 Re8 31. Ba6 g5 32. b4 Bc2 33. Rd2 Ba4 34.
bxc5 Bxc5 35. h3 Bc6 36. Rc2 Ba4 37. Rc4 Bc6 38. a4 Bd5 39. Rc1 Kg7 40. Bd6 Bc6
41. Bxc5 bxc5 42. a5 Bd5 43. Rxc5 Re7 44. Kh2 Rf7 45. Bd3 h5 46. Kg3 Kh6 47.
Rc8 Kg7 48. h4 Bb7 49. Re8 g4 50. fxg4 hxg4 51. Rxe6 Bc8 52. Rg6+ Kf8 53. e6
Re7 54. Bf5 Bb7 55. h5 Bc6 56. h6 Rb7 57. e7+ Kf7 58. Rxc6 1-0

[Event "StM 2004"]
[Site "Hartberg"]
[Date "2004.??.??"]
[Round "1.6"]
[White "Mayer, Michaela"]
[Black "Molnar, Monika"]
[Result "0-1"]
[WhiteElo "1501"]
[BlackElo "1970"]
[PlyCount "48"]
[EventDate "2004.??.??"]

1. d4 Nf6 2. Bg5 d5 3. c4 e6 4. Nc3 c5 5. cxd5 exd5 6. dxc5 d4 7. Bxf6 Qxf6 8.
Ne4 Qe5 9. Nd6+ Bxd6 10. cxd6 Qxd6 11. e3 Qb4+ 12. Qd2 Qxd2+ 13. Kxd2 dxe3+ 14.
Kxe3 O-O 15. Bb5 a6 16. Ba4 b5 17. Bb3 Re8+ 18. Kd2 Ra7 19. Rc1 Bf5 20. Rc3
Rd7+ 21. Rd3 Rxd3+ 22. Kc2 Rc8+ 23. Bc4 Rxc4+ 24. Kb1 Rd1# 0-1

[Event "StM 2004"]
[Site "Hartberg"]
[Date "2004.??.??"]
[Round "1.8"]
[White "Beyer, Edith"]
[Black "Vokroj, Gabriela"]
[Result "0-1"]
[WhiteElo "1436"]
[BlackElo "1732"]
[PlyCount "58"]
[EventDate "2004.??.??"]

1. c4 e5 2. Nc3 Nf6 3. e4 Bc5 4. Be2 Nc6 5. Nf3 d6 6. O-O O-O 7. d3 h6 8. Kh1
Ng4 9. Qe1 f5 10. h3 Nf6 11. exf5 Bxf5 12. Nh2 Nd4 13. Qd1 Qe8 14. Bf3 Nxf3 15.
Qxf3 Qg6 16. Rd1 e4 17. dxe4 Nxe4 18. Be3 Nxc3 19. bxc3 Be4 20. Qg4 Bxe3 21.
fxe3 Qxg4 22. Nxg4 h5 23. Nh2 Rf2 24. Nf3 Bxf3 25. gxf3 Rxf3 26. Rd3 Rxh3+ 27.
Kg2 Rh4 28. Rad1 Rxc4 29. e4 Rxe4 0-1

[Event "StM 2004"]
[Site "Hartberg"]
[Date "2004.??.??"]
[Round "2.1"]
[White "Molnar, Monika"]
[Black "Mira, Helene"]
[Result "0-1"]
[WhiteElo "1970"]
[BlackElo "2144"]
[PlyCount "50"]
[EventDate "2004.??.??"]

1. e4 c6 2. d4 d5 3. e5 Bf5 4. Nf3 e6 5. Bd3 Bg6 6. h4 Bxd3 7. Qxd3 h6 8. Bf4
Qb6 9. b3 a5 10. Nc3 Bb4 11. O-O Bxc3 12. Qxc3 Ne7 13. a3 a4 14. b4 Qa6 15. Nd2
Nd7 16. Qg3 Nf5 17. Qg4 O-O-O 18. c3 g5 19. hxg5 hxg5 20. Bg3 Rh7 21. Rfe1 Rdh8
22. f4 Qd3 23. Nf1 Rh1+ 24. Kf2 Rxf1+ 25. Rxf1 Qe3# 0-1

[Event "StM 2004"]
[Site "Hartberg"]
[Date "2004.??.??"]
[Round "2.2"]
[White "Schwaninger, Ulrike"]
[Black "Hackbarth, Christa"]
[Result "0-1"]
[WhiteElo "2008"]
[BlackElo "1897"]
[PlyCount "104"]
[EventDate "2004.??.??"]

1. c4 c6 2. d4 d5 3. Nd2 Nf6 4. g3 Bf5 5. Bg2 e6 6. Ngf3 h6 7. O-O Nbd7 8. b3
Bd6 9. Bb2 O-O 10. h3 Rc8 11. Rc1 Re8 12. Ne5 Bb8 13. Ndf3 Be4 14. Nxd7 Nxd7
15. Nd2 Bh7 16. e4 dxe4 17. Nxe4 e5 18. d5 cxd5 19. Qxd5 b6 20. Rcd1 Nf6 21.
Qxd8 Rcxd8 22. Nxf6+ gxf6 23. Rxd8 Rxd8 24. Bd5 Bf5 25. Bc1 Bxh3 26. Rd1 Kg7
27. f3 Be6 28. Kf2 Bxd5 29. cxd5 f5 30. Ba3 Bd6 31. Bb2 Bc5+ 32. Ke2 f6 33. f4
Bd6 34. Kf3 Rc8 35. fxe5 fxe5 36. Rd2 Kg6 37. g4 e4+ 38. Ke3 Kg5 39. Rg2 fxg4
40. Kxe4 Re8+ 41. Kd3 g3 42. Bc1+ Kg4 43. Re2 Rxe2 44. Kxe2 h5 45. Be3 Kf5 46.
Kf3 h4 47. Kg2 Ke4 48. Bg5 Kxd5 49. Bxh4 Kd4 50. Bf6+ Kd3 51. b4 Kc4 52. a3 Kb3
0-1

[Event "StM 2004"]
[Site "Hartberg"]
[Date "2004.??.??"]
[Round "2.3"]
[White "Vokroj, Gabriela"]
[Black "Klinkan, Elisabeth"]
[Result "0-1"]
[WhiteElo "1732"]
[BlackElo "2004"]
[PlyCount "64"]
[EventDate "2004.??.??"]

1. e4 c5 2. Nc3 e6 3. f4 Nc6 4. Nf3 a6 5. g3 Be7 6. Bg2 Nh6 7. d3 f5 8. e5 Qc7
9. h3 d6 10. exd6 Bxd6 11. Be3 Nf7 12. Qd2 Bd7 13. O-O Rg8 14. d4 cxd4 15. Nxd4
Nxd4 16. Qxd4 g5 17. Qb6 Qxb6 18. Bxb6 gxf4 19. gxf4 Bc6 20. Rf2 Bxg2 21. Rxg2
Rxg2+ 22. Kxg2 Bxf4 23. Re1 Kd7 24. Ne2 Rg8+ 25. Kf3 Be5 26. Bd4 Bd6 27. Rg1
Rxg1 28. Bxg1 Ne5+ 29. Kg2 Ng6 30. Bf2 e5 31. c4 e4 32. Nc3 Nf4+ 0-1

[Event "StM 2004"]
[Site "Hartberg"]
[Date "2004.??.??"]
[Round "2.4"]
[White "Klinger, Michaela"]
[Black "Galambfalvy, Monika"]
[Result "0-1"]
[WhiteElo "1698"]
[BlackElo "1704"]
[PlyCount "50"]
[EventDate "2004.??.??"]

1. e4 d5 2. exd5 Nf6 3. d4 Nxd5 4. c3 Nc6 5. Bd3 Nf6 6. Bf4 Bg4 7. Qb3 Rb8 8.
Bc4 e6 9. Nd2 Bd6 10. Bxd6 Qxd6 11. f3 Bf5 12. Bb5 a6 13. Bxc6+ Qxc6 14. Ne2 b5
15. Nf4 O-O 16. O-O Qd6 17. Ne2 h5 18. Ng3 Bd3 19. Rf2 e5 20. dxe5 Qxe5 21. f4
Qe3 22. Ndf1 Qb6 23. c4 Ng4 24. Qxd3 Qxf2+ 25. Kh1 Qxf4 0-1

[Event "StM 2004"]
[Site "Hartberg"]
[Date "2004.??.??"]
[Round "2.5"]
[White "Horvath, Maria"]
[Black "Unger, Eva"]
[Result "1-0"]
[WhiteElo "2080"]
[BlackElo "2061"]
[PlyCount "63"]
[EventDate "2004.??.??"]

1. d4 Nf6 2. c4 g6 3. Nc3 d5 4. cxd5 Nxd5 5. Bd2 Bg7 6. e4 Nb6 7. Be3 c6 8. f4
e6 9. Nf3 O-O 10. Bd3 N8d7 11. O-O Re8 12. Qd2 Nf6 13. h3 h5 14. f5 exf5 15.
exf5 Nbd5 16. Bg5 Qd6 17. fxg6 fxg6 18. Bxg6 Re7 19. Rad1 Nxc3 20. bxc3 Ne4 21.
Bxe7 Qxg6 22. Qc2 Bxh3 23. Ng5 Bf5 24. Rxf5 Qxf5 25. Qxe4 Qxe4 26. Nxe4 Re8 27.
Nf6+ Bxf6 28. Bxf6 Re2 29. c4 Rxa2 30. d5 cxd5 31. cxd5 Kf7 32. d6 1-0

[Event "StM 2004"]
[Site "Hartberg"]
[Date "2004.??.??"]
[Round "2.6"]
[White "Nagy, Laura"]
[Black "Mayer, Michaela"]
[Result "1-0"]
[WhiteElo "1716"]
[BlackElo "1501"]
[PlyCount "149"]
[EventDate "2004.??.??"]

1. e4 e5 2. Nf3 Nc6 3. d4 exd4 4. Nxd4 Bc5 5. c3 Qf6 6. Be3 Nge7 7. Bc4 O-O 8.
O-O Bb6 9. Na3 Ne5 10. Bb3 Qg6 11. f3 d6 12. Kh1 Bd7 13. Nc4 Bc5 14. Nxe5 dxe5
15. Nf5 Nxf5 16. exf5 Bxf5 17. Bxc5 Rfd8 18. Qe1 Re8 19. Qf2 a6 20. Rad1 Rad8
21. Rxd8 Rxd8 22. Rd1 Rxd1+ 23. Bxd1 Be6 24. Bc2 Qh6 25. Be3 Qf6 26. a3 Qe7 27.
Qd2 f6 28. Be4 c6 29. Bb6 Bd7 30. Bc2 Qe8 31. Qd3 g6 32. Bb3+ Kg7 33. Qd6 Bc8
34. Qc7+ Kh6 35. Qd8 Qxd8 36. Bxd8 f5 37. Kg1 Kg7 38. Kf2 h6 39. Bc7 Kf6 40.
Bb6 g5 41. h4 Bd7 42. Bd1 Bc8 43. Bd8+ Kg6 44. hxg5 hxg5 45. g4 e4 46. gxf5+
Bxf5 47. fxe4 Bxe4 48. Bb6 Bf5 49. Kg3 Be6 50. Bg4 Bf5 51. Bxf5+ Kxf5 52. Kf3
g4+ 53. Ke3 g3 54. a4 g2 55. Kf3 Ke5 56. b4 Kf5 57. a5 Ke5 58. Kxg2 Ke4 59. Bd4
Kf4 60. Kf2 Ke4 61. Ke2 Kd5 62. Kd3 Ke6 63. Ke4 Kd6 64. Be5+ Ke6 65. Kd4 Kf5
66. Bh2 Ke6 67. Kc5 Kd7 68. Kb6 Kc8 69. Bg3 Kd7 70. Kxb7 c5 71. bxc5 Kd8 72. c6
Ke7 73. c7 Ke6 74. c8=Q+ Kd5 75. Qc6# 1-0

[Event "StM 2004"]
[Site "Hartberg"]
[Date "2004.??.??"]
[Round "2.7"]
[White "Prager, Andrea"]
[Black "Kopinits, Silvia"]
[Result "0-1"]
[WhiteElo "1454"]
[BlackElo "1566"]
[PlyCount "64"]
[EventDate "2004.??.??"]

1. Nf3 f5 2. g3 c6 3. Bg2 d5 4. d4 e6 5. O-O Be7 6. b3 Nf6 7. Bb2 O-O 8. c4 Ne4
9. cxd5 exd5 10. Nc3 Nd7 11. e3 Ndf6 12. Ne2 Bd6 13. Ne5 Qe7 14. Rc1 Nd7 15.
Nxd7 Bxd7 16. Nc3 Kh8 17. Nxe4 fxe4 18. Qe2 Rae8 19. Rc3 Bb4 20. Rc2 Qg5 21. a3
Ba5 22. Bc3 Bc7 23. Bb4 Rf7 24. h4 Qh6 25. Kh2 Qxh4+ 26. Kg1 Qg5 27. Kh2 Qh6+
28. Kg1 Bh3 29. Bxh3 Qxh3 30. Qe1 Rf3 31. Bc5 Re6 32. Qb4 Rh6 0-1

[Event "StM 2004"]
[Site "Hartberg"]
[Date "2004.??.??"]
[Round "2.8"]
[White "Almert, Margit"]
[Black "Beyer, Edith"]
[Result "1-0"]
[WhiteElo "1548"]
[BlackElo "1436"]
[PlyCount "127"]
[EventDate "2004.??.??"]

1. e4 c5 2. Nf3 Nc6 3. d4 cxd4 4. Nxd4 e5 5. Nf3 Nf6 6. Nc3 Bc5 7. Bc4 Qb6 8.
O-O O-O 9. h3 Ne8 10. Na4 Qa5 11. Nxc5 Qxc5 12. b3 Kh8 13. a4 Qe7 14. Ba3 d6
15. Qd5 Be6 16. Qd2 Bxc4 17. bxc4 Rd8 18. c3 Qe6 19. Qd5 Qxd5 20. cxd5 Ne7 21.
Rab1 b6 22. a5 Nc8 23. axb6 axb6 24. c4 f5 25. Ng5 Nc7 26. exf5 Rxf5 27. Ne4
Na6 28. Bc1 h6 29. Be3 Nc5 30. Ng3 Rf7 31. f3 Rdf8 32. Ne4 Nxe4 33. fxe4 Rxf1+
34. Rxf1 Rxf1+ 35. Kxf1 Kh7 36. Kf2 g5 37. Kf3 Kg6 38. g4 Kg7 39. Bf2 Kg6 40.
Ke2 h5 41. Kd3 hxg4 42. hxg4 Kf7 43. Be3 Ne7 44. Bxb6 Ng6 45. c5 dxc5 46. Bxc5
Ne7 47. Kc4 Ng6 48. Be3 Kf6 49. Kb5 Nf4 50. Kc6 Ng6 51. d6 Nf8 52. d7 Ne6 53.
Bb6 Ke7 54. d8=Q+ Nxd8+ 55. Bxd8+ Kxd8 56. Kd6 Ke8 57. Ke6 Kf8 58. Kxe5 Ke7 59.
Kf5 Kf7 60. Kxg5 Kg7 61. Kf5 Kf7 62. e5 Kg7 63. Ke6 Kf8 64. Kd7 1-0

[Event "StM 2004"]
[Site "Hartberg"]
[Date "2004.??.??"]
[Round "3.1"]
[White "Mira, Helene"]
[Black "Hackbarth, Christa"]
[Result "1-0"]
[WhiteElo "2144"]
[BlackElo "1897"]
[PlyCount "85"]
[EventDate "2004.??.??"]

1. Nf3 d5 2. d4 Nf6 3. c4 c6 4. e3 Bf5 5. Nc3 e6 6. Qb3 Qc7 7. Nh4 Bg6 8. cxd5
exd5 9. Nxg6 hxg6 10. Bd2 Nbd7 11. h3 Rd8 12. O-O-O a5 13. Kb1 b5 14. Bxb5 cxb5
15. Nxb5 Qb6 16. Rc1 Bb4 17. Nc7+ Kf8 18. Bxb4+ Qxb4 19. Qxb4+ axb4 20. Na6 b3
21. axb3 Ke7 22. b4 Ne4 23. f3 Nd2+ 24. Kc2 Nc4 25. Kc3 Ra8 26. Ra1 Rhc8 27.
Nc5 Ndb6 28. e4 Nd6 29. Kd3 f5 30. e5 Ndc4 31. b3 Na3 32. Ra2 Ra7 33. Rha1 Rca8
34. f4 Nd7 35. g4 Nb8 36. gxf5 gxf5 37. Rg1 Nc6 38. Rxg7+ Ke8 39. Rag2 Rxg7 40.
Rxg7 Ne7 41. h4 Nb5 42. h5 Ra1 43. h6 1-0

[Event "StM 2004"]
[Site "Hartberg"]
[Date "2004.??.??"]
[Round "3.2"]
[White "Klinkan, Elisabeth"]
[Black "Galambfalvy, Monika"]
[Result "1-0"]
[WhiteElo "2004"]
[BlackElo "1704"]
[PlyCount "65"]
[EventDate "2004.??.??"]

1. e3 Nf6 2. Nf3 d6 3. c4 g6 4. Nc3 Bg7 5. d4 O-O 6. Qc2 Nbd7 7. Be2 Re8 8. O-O
e5 9. Rd1 b6 10. Rb1 Bb7 11. d5 Ng4 12. h3 Nh6 13. e4 f6 14. Be3 Bc8 15. b4 Nf7
16. Bd3 a5 17. a3 Ng5 18. Nxg5 fxg5 19. Na4 axb4 20. axb4 Qf6 21. c5 Ba6 22.
cxb6 Bxd3 23. Rxd3 cxb6 24. Nxb6 Nxb6 25. Bxb6 Rec8 26. Rc3 Qf8 27. b5 Bf6 28.
Bc7 Bd8 29. b6 Bxc7 30. b7 Rcb8 31. bxa8=Q Rxb1+ 32. Qxb1 Qxa8 33. Rxc7 1-0

[Event "StM 2004"]
[Site "Hartberg"]
[Date "2004.??.??"]
[Round "3.3"]
[White "Vokroj, Gabriela"]
[Black "Horvath, Maria"]
[Result "0-1"]
[WhiteElo "1732"]
[BlackElo "2080"]
[PlyCount "80"]
[EventDate "2004.??.??"]

1. e4 c6 2. d3 d5 3. Nd2 e5 4. Ngf3 Bg4 5. h3 Bxf3 6. Qxf3 Nf6 7. g4 h6 8. Bg2
Nbd7 9. Qe2 dxe4 10. Nxe4 Nxe4 11. Qxe4 Qb6 12. O-O Bc5 13. c3 O-O 14. Qf5 Rfd8
15. Be4 g6 16. Qf3 Bf8 17. b4 Bg7 18. Be3 Qc7 19. g5 hxg5 20. Bxg5 Re8 21. h4
f5 22. Bxf5 gxf5 23. Qxf5 Nf8 24. h5 Qd7 25. Qf3 Ne6 26. Qg4 Nf8 27. Qh4 Re6
28. h6 Ng6 29. Qh3 Bf8 30. h7+ Kh8 31. Kh2 Qxh7 32. Qxh7+ Kxh7 33. Kg3 Bg7 34.
Rae1 Rd6 35. Re3 Nf4 36. Rh1+ Kg8 37. d4 Rg6 38. Rxe5 Bxe5 39. dxe5 Ne6 40. f4
Nxg5 0-1

[Event "StM 2004"]
[Site "Hartberg"]
[Date "2004.??.??"]
[Round "3.4"]
[White "Nagy, Laura"]
[Black "Schwaninger, Ulrike"]
[Result "1-0"]
[WhiteElo "1716"]
[BlackElo "2008"]
[PlyCount "93"]
[EventDate "2004.??.??"]

1. e4 g6 2. Nf3 Bg7 3. d4 d6 4. c3 Nf6 5. Bd3 O-O 6. O-O Nbd7 7. h3 c6 8. Na3
Qc7 9. Be3 e5 10. dxe5 Nxe5 11. Nxe5 dxe5 12. Qe2 Be6 13. Bc5 Rfe8 14. f3 b6
15. Be3 Nh5 16. Kh2 Nf4 17. Bxf4 exf4 18. Bc4 b5 19. Bxe6 Rxe6 20. Qf2 Rd8 21.
Qc5 a6 22. Rad1 Bf8 23. Rxd8 Qxd8 24. Qa7 c5 25. Rf2 Qd3 26. Nc2 Kg7 27. Qc7
Bd6 28. Qc8 Be7 29. Qb7 Rd6 30. Qxe7 c4 31. Qe5+ Rf6 32. Qd4 g5 33. Qxd3 cxd3
34. Ne1 Rd6 35. Rd2 h5 36. Rxd3 Re6 37. Rd5 Kh6 38. Nd3 f6 39. h4 Rc6 40. hxg5+
fxg5 41. e5 Rc8 42. e6 Re8 43. Nc5 a5 44. Nb7 a4 45. Rd2 Kg7 46. e7 Kf6 47. Nd6
1-0

[Event "StM 2004"]
[Site "Hartberg"]
[Date "2004.??.??"]
[Round "3.5"]
[White "Kopinits, Silvia"]
[Black "Molnar, Monika"]
[Result "1/2-1/2"]
[WhiteElo "1566"]
[BlackElo "1970"]
[PlyCount "101"]
[EventDate "2004.??.??"]

1. d4 d5 2. Nf3 Nf6 3. Bf4 e6 4. h3 c5 5. c3 Nc6 6. e3 cxd4 7. exd4 Bd6 8. Bxd6
Qxd6 9. Nbd2 O-O 10. Be2 e5 11. dxe5 Nxe5 12. Nxe5 Qxe5 13. Nf3 Qf4 14. Qd4 Qf5
15. O-O-O Re8 16. Bd3 Ne4 17. Rhe1 Qf4+ 18. Kb1 Bxh3 19. Bxe4 dxe4 20. Nd2 Rad8
21. Qxa7 Rxd2 22. gxh3 Rxf2 23. Qxb7 Rb8 24. Ka1 e3 25. Rxe3 h6 26. Qe4 Qh2 27.
Red3 f5 28. Qd5+ Kh7 29. R3d2 Rxd2 30. Qxd2 Qxh3 31. Qf4 Qh5 32. Rf1 Qe2 33.
Qxf5+ Kh8 34. Rb1 h5 35. Qf4 Re8 36. a4 Re4 37. Qf8+ Kh7 38. Qf5+ Kh6 39. b3
Qc2 40. Qc5 Re2 41. Qa3 Qxc3+ 42. Rb2 Re1+ 43. Ka2 Qc1 44. Qd6+ Kh7 45. Qd3+ g6
46. Qd7+ Kh6 47. Qd2+ g5 48. Qd6+ Kg7 49. Qd4+ Kg6 50. Qd3+ Kg7 51. Qd4+
1/2-1/2

[Event "StM 2004"]
[Site "Hartberg"]
[Date "2004.??.??"]
[Round "3.6"]
[White "Unger, Eva"]
[Black "Almert, Margit"]
[Result "1-0"]
[WhiteElo "2061"]
[BlackElo "1548"]
[PlyCount "83"]
[EventDate "2004.??.??"]

1. d4 d5 2. Nf3 e6 3. Bf4 Nf6 4. h3 c5 5. dxc5 Bxc5 6. e3 O-O 7. Nbd2 Nc6 8.
Be2 h6 9. Nb3 Bd6 10. Bxd6 Qxd6 11. O-O b6 12. c4 Rd8 13. cxd5 exd5 14. Nbd4
Nxd4 15. Nxd4 Ne4 16. Bg4 Ng5 17. Rc1 Bxg4 18. Qxg4 Qd7 19. Qg3 Ne4 20. Qf4 Nd6
21. b3 Rac8 22. Nf3 Ne4 23. Nd4 Rxc1 24. Rxc1 Qd6 25. Qg4 Qg6 26. Qxg6 fxg6 27.
Nc6 Rd7 28. Ne5 Rd6 29. Rc7 a5 30. Nd7 Nf6 31. Rc8+ Kf7 32. Ne5+ Ke7 33. Nxg6+
Kd7 34. Rc2 Ne8 35. Ne5+ Ke6 36. f4 g5 37. g3 Ng7 38. Nf3 Kf6 39. Rc8 gxf4 40.
gxf4 Nf5 41. Rf8+ Ke7 42. Rxf5 1-0

[Event "StM 2004"]
[Site "Hartberg"]
[Date "2004.??.??"]
[Round "3.7"]
[White "Mayer, Michaela"]
[Black "Klinger, Michaela"]
[Result "1/2-1/2"]
[WhiteElo "1501"]
[BlackElo "1698"]
[PlyCount "23"]
[EventDate "2004.??.??"]

1. d4 Nf6 2. Bg5 d5 3. e3 e6 4. c4 Be7 5. Nc3 O-O 6. Nf3 Nc6 7. a3 a5 8. Qc2 h6
9. Bh4 Qd7 10. Bd3 b6 11. O-O Ba6 12. b3 1/2-1/2

[Event "StM 2004"]
[Site "Hartberg"]
[Date "2004.??.??"]
[Round "3.8"]
[White "Beyer, Edith"]
[Black "Prager, Andrea"]
[Result "0-1"]
[WhiteElo "1436"]
[BlackElo "1454"]
[PlyCount "92"]
[EventDate "2004.??.??"]

1. c4 d6 2. d4 g6 3. Nf3 Bg7 4. Nc3 Nf6 5. e4 O-O 6. Bd3 Nc6 7. d5 Nb4 8. a3
Nxd3+ 9. Qxd3 e6 10. O-O exd5 11. cxd5 Re8 12. Re1 Bd7 13. Bd2 Ng4 14. h3 Ne5
15. Nxe5 Bxe5 16. f4 Bf6 17. f5 c5 18. Bf4 Qb6 19. Qd2 Rac8 20. Re2 gxf5 21.
Qe3 Bd4 22. Qxd4 cxd4 23. Na2 Rxe4 24. Rxe4 fxe4 25. Bh6 d3+ 26. Kh1 Qxb2 27.
Re1 Qxa2 28. Re3 Qf2 29. Rxe4 d2 30. Be3 Qg3 31. Bxd2 Rc2 32. Re2 Qg6 33. Kg1
Rxd2 34. Rxd2 Qg5 35. Rd3 Bf5 36. Rf3 Be4 37. Rf2 Bxd5 38. Kh2 Be4 39. g3 Qc1
40. g4 Qh1+ 41. Kg3 Qg1+ 42. Kf4 Qxf2+ 43. Kxe4 Qg2+ 44. Kd4 Qxh3 45. Kd5 Qxa3
46. Ke4 b5 0-1

[Event "StM 2004"]
[Site "Hartberg"]
[Date "2004.??.??"]
[Round "4.1"]
[White "Klinkan, Elisabeth"]
[Black "Mira, Helene"]
[Result "0-1"]
[WhiteElo "2004"]
[BlackElo "2144"]
[PlyCount "63"]
[EventDate "2004.??.??"]

1. Nf3 Nf6 2. d4 d5 3. Bf4 e6 4. e3 c5 5. c3 Be7 6. Nbd2 O-O 7. Bd3 b6 8. O-O
Bb7 9. Ne5 Nbd7 10. Ndf3 Ne4 11. Nxd7 Qxd7 12. dxc5 Nxc5 13. Bc2 Rfd8 14. Ne5
Qe8 15. b4 Ne4 16. Ba4 b5 17. Bc2 Rac8 18. f3 Nxc3 19. Qd3 f5 20. g4 g6 21. Rf2
Bf6 22. Rg2 Bg7 23. h4 fxg4 24. Rxg4 d4 25. e4 Qe7 26. Kf2 Rf8 27. Bh2 Qc7 28.
Qxd4 Rcd8 29. Qc5 Qxc5+ 30. bxc5 Rd2+ 31. Kg1 Rxc2 32. Re1 0-1

[Event "StM 2004"]
[Site "Hartberg"]
[Date "2004.??.??"]
[Round "4.2"]
[White "Hackbarth, Christa"]
[Black "Horvath, Maria"]
[Result "0-1"]
[WhiteElo "1897"]
[BlackElo "2080"]
[PlyCount "84"]
[EventDate "2004.??.??"]

1. d4 e6 2. Nf3 Nf6 3. Bf4 d5 4. e3 Be7 5. h3 c5 6. c3 Qb6 7. Qc2 Nc6 8. Be2
Bd7 9. O-O Rc8 10. Nbd2 cxd4 11. exd4 Nxd4 12. Nxd4 Qxd4 13. Be3 Qe5 14. Qb3
Qb8 15. a4 O-O 16. Nf3 e5 17. Rad1 h6 18. Rfe1 Be6 19. Qb5 Ne4 20. a5 f5 21. a6
b6 22. Bf1 f4 23. Bc1 Bc5 24. Re2 Rf6 25. c4 Nd6 26. Qa4 Nxc4 27. b3 e4 28.
bxc4 exf3 29. Rxe6 Rxe6 30. cxd5 Rf6 31. Bb2 fxg2 32. Bd3 Re8 33. Qd7 Re7 34.
Qg4 Rd6 35. Kxg2 Qf8 36. Rd2 Qf7 37. Bc3 Qxd5+ 38. f3 Qg5 39. Bf1 Qxg4+ 40.
hxg4 Rxd2+ 41. Bxd2 g5 42. Bc4+ Kf8 0-1

[Event "StM 2004"]
[Site "Hartberg"]
[Date "2004.??.??"]
[Round "4.3"]
[White "Galambfalvy, Monika"]
[Black "Nagy, Laura"]
[Result "1/2-1/2"]
[WhiteElo "1704"]
[BlackElo "1716"]
[PlyCount "57"]
[EventDate "2004.??.??"]

1. e4 e5 2. Nf3 Nc6 3. d4 exd4 4. Nxd4 Bc5 5. Be3 Qf6 6. c3 a6 7. Be2 Nge7 8.
O-O O-O 9. f4 d6 10. Na3 b5 11. Nac2 Bb7 12. Bd3 b4 13. Rf3 Ng6 14. Qd2 bxc3
15. bxc3 Rfe8 16. Rb1 Na5 17. Rxb7 Nxb7 18. Rh3 Nf8 19. Nb4 Bxb4 20. cxb4 c5
21. Nf5 cxb4 22. Qxb4 Nc5 23. Bxc5 dxc5 24. Qxc5 Qa1+ 25. Kf2 Qxa2+ 26. Kf3 Qb3
27. Ke2 Qb2+ 28. Kf3 Qb3 29. Ke2 1/2-1/2

[Event "StM 2004"]
[Site "Hartberg"]
[Date "2004.??.??"]
[Round "4.4"]
[White "Molnar, Monika"]
[Black "Unger, Eva"]
[Result "1-0"]
[WhiteElo "1970"]
[BlackElo "2061"]
[PlyCount "117"]
[EventDate "2004.??.??"]

1. e4 d6 2. d4 Nf6 3. Bd3 e5 4. c3 Nc6 5. d5 Ne7 6. Bg5 Nd7 7. Ne2 g6 8. O-O
Bg7 9. Qd2 O-O 10. Ng3 Nc5 11. Bc2 f6 12. Bh6 Rf7 13. b4 Na6 14. Bxg7 Kxg7 15.
f4 Kh8 16. fxe5 dxe5 17. c4 b6 18. a3 Qd6 19. Nc3 Bd7 20. Rf2 Raf8 21. Raf1 Nc8
22. Nd1 Qe7 23. Ne3 Nd6 24. Bd3 Bc8 25. Qe2 Nb8 26. Rc1 Nb7 27. Ng4 Bxg4 28.
Qxg4 c5 29. b5 Nd6 30. Rcf1 Nd7 31. h4 Rg8 32. Qh3 h5 33. a4 Rgf8 34. Ne2 Rh7
35. Qe3 Nf7 36. Nc3 Nh6 37. Be2 Qd6 38. Qg3 Rg7 39. Qe3 Ng8 40. Kh1 Rff7 41. g4
hxg4 42. Bxg4 Rh7 43. Rh2 Qf8 44. Be6 Rfg7 45. Rg1 Qe7 46. Qe2 Nf8 47. Bg4 Nh6
48. Bf3 f5 49. exf5 Nxf5 50. h5 Nd4 51. Qe4 Qf6 52. Bd1 Rh6 53. Qe3 Rhh7 54.
Ne4 Qf4 55. Qd3 gxh5 56. Rf1 Qc1 57. Rxf8+ Rg8 58. Rxg8+ Kxg8 59. Nf6+ 1-0